| 000 | 00715nam a22001337a 4500 | ||
|---|---|---|---|
| 040 | _cRUA | ||
| 082 | _aFIS EAN 2021 B473 Or. | ||
| 100 | _aEAN SOPHEAK,អៀន សុភ័ក្ត | ||
| 245 | _aUNDERSTANDING COMMERCIAL FISHES AND SUPPLY CHAIN IN KAMPOT PROVINCE AND KEP PROVINCE,ការសិក្សាទៅលើខ្សែច្រវ៉ាក់នៃការផ្គត់ផ្គង់ និងទីផ្សារត្រីនៅក្នុងខេត្តកំពត និងខេត្តកែប | ||
| 260 |
_aphnom penh _brua _c2021 |
||
| 300 |
_axii.58p. _bill. _c29cm. |
||
| 856 | _uhttps://drive.google.com/file/d/15MKk1mcodzJamVJnxXXf4Hyf2pXc0fxF/view?usp=sharing | ||
| 942 | _cFIS | ||
| 999 |
_c22603 _d22603 |
||